000 00503nam a2200181Ia 4500
005 20250508151435.0
008 008 250505s9999 xx 000 0 eng d
037 _aTextual
040 _aFEDL
_beng
_cFEDL
041 _aeng
_2eng
084 _a891.72, GOG
_qFEDL
100 _aGogol Nikolai V
_9602821
245 0 _aGovernment inspector
260 _aMelbourne, Australia
_bWilliam Heinemann Ltd.
_c1947
300 _a91p.
942 _cTEXL
_h891.72, GOG
999 _c1329811
_d1329811